Mechanisms of hyponatremia in Singapore children /
محفوظ في:
| المؤلف الرئيسي: | |
|---|---|
| التنسيق: | أطروحة كتاب |
| اللغة: | English |
| منشور في: |
1985
|
| الموضوعات: | |
| الوسوم: |
إضافة وسم
لا توجد وسوم, كن أول من يضع وسما على هذه التسجيلة!
|
| LEADER | 00760nam a2200253 4500 | ||
|---|---|---|---|
| 001 | u48779 | ||
| 003 | SIRSI | ||
| 008 | 860910s1985 si v 0 eng | ||
| 015 | |a X860000956 | ||
| 035 | |a AAF-2526 | ||
| 040 | |a UMM | ||
| 043 | |a a-si--- | ||
| 090 | 0 | 0 | |a RJ520 |b S6Cha |
| 100 | 1 | 0 | |a Chai, Vun Hiong |
| 245 | 1 | 0 | |a Mechanisms of hyponatremia in Singapore children / |c Chai Vun Hiong |
| 260 | |c 1985 | ||
| 300 | |a vii, 123 leaves : |b ill. ; |c 30cm | ||
| 502 | |a Dissertation (M.Sc.) -- National University of Singapore, 1985 | ||
| 504 | 0 | 0 | |a Bibliography: leaves 113-123 |
| 650 | 0 | |a Hyponatremia | |
| 650 | 0 | |a Children |z Singapore | |
| 948 | |a 16/03/1991 |b 16/03/1991 | ||
| 596 | |a 1 | ||
| 999 | |a RJ520 S6CHA |w LC |c 1 |i A010069875 |l STACKS |m P01UTAMA |r Y |s Y |t TESIS |u 23/4/1992 | ||
